Culture Générale - Série 804 - Statistiques

Statistiques générales
  • Ce quiz a été pris 130 fois
  • Le résultat moyen est 4 sur 10
Statistiques - réponses
Question Réponse % Correct
Quelle planète du Système solaire compte parmi ses satellites naturels Titan et Thétys ? Saturne
81%
Quel auteur français du XVIIe siècle a écrit le conte de fées : "Le Chat botté" ? Charles Perrault
78%
Quelle justicière interplanétaire de série télé possède un lasso magique et des bracelets pare-balles ? Wonder Woman
61%
Dans le film "Timecop", quel acteur belge incarne l'agent Max Walker ? Jean-Claude Van Damme
46%
Quel acronyme anglais signifie en français : "amplification de lumière par émission stimulée de rayonnement" ? laser
45%
Quelle est la ville du sud-ouest de l'Angleterre dont le nom désigne aussi un carton plus ou moins épais ? Bristol
41%
Quel est l'État le moins peuplé des États-Unis ? Wyoming
35%
Quelle chaîne plissée du Maroc, bordant la Méditerranée, s'étend en arc de cercle de Tanger à Melilla ? Le Rif
24%
Dans la mythologie grecque, de qui Phèdre est-elle l'épouse ? Thésée
16%
En 20009, selon le titre de son album, quelle ville Bernard Lavilliers associe-t-il au samedi soir ? Beyrouth
3%
Aucun quiz correspondant
Distribution des résultats
% des personnes avec chaque résultat
Percentile par nombre de réponses
Votre historique - résultats
Vous n’avez pas pris ce quiz